Ultrafiltration and microfiltration handbook
Saved in:
| Hovedforfatter: | |
|---|---|
| Format: | Bog |
| Sprog: | engelsk |
| Udgivet: |
Boca Ratón
CRC
1998
|
| Udgivelse: | 2nd. ed |
| Fag: | |
| Tags: |
Tilføj Tag
Ingen Tags, Vær først til at tagge denne postø!
|
MARC
| LEADER | 00000cam a2200000 a 4500 | ||
|---|---|---|---|
| 001 | UCL9866 | ||
| 003 | CL-VaPUC | ||
| 005 | 20230803103653.0 | ||
| 008 | 040827e19980000US |||||||||||||||||eng|d | ||
| 999 | |c 310506 |d 310504 | ||
| 020 | |a 1566765986 | ||
| 040 | |c Pontificia Universidad Católica de Valparaíso | ||
| 082 | 0 | 4 | |a 660.284245 CHE 1998 |
| 100 | 0 | |a Cheryan, Munir |e author |9 487791 | |
| 245 | 1 | 0 | |a Ultrafiltration and microfiltration handbook |
| 250 | |a 2nd. ed | ||
| 260 | |a Boca Ratón |b CRC |c 1998 | ||
| 300 | |a 527 p | ||
| 583 | |c 20200127 | ||
| 650 | 0 | |a Ultrafiltración |2 CL-VaPUC |9 487792 | |
| 650 | 0 | |a Membranas |2 CL-VaPUC |9 334031 | |
| 650 | 0 | |a Biotecnología |9 259561 | |
| 942 | |c BK |2 ddc | ||
| 945 | |d 20040827 00:00:00 |a cmena | ||
| 952 | |0 0 |1 0 |4 0 |6 660_284245000000000_CHE_1998 |7 0 |8 A |9 379048 |a BIBING |b BIBING |d 2019-11-21 |i 405606K |l 2 |o 660.284245 CHE 1998 |p 405606K |q 2023-01-19 |r 2022-12-20 |s 2022-12-20 |w 2019-11-21 |y BK |k EIB | ||
| 952 | |0 0 |1 0 |2 ddc |4 0 |6 660_284245000000000_CHE_1998 |7 0 |8 A |9 379049 |a BIBALI |b BIBALI |c RES |d 2019-11-21 |i 4150201 |l 2 |m 1 |o 660.284245 CHE 1998 |p 4150201 |r 2025-05-09 |s 2025-04-25 |w 2019-11-21 |y BK |k ALI | ||
| 952 | |0 0 |1 0 |2 ddc |4 0 |6 660_284245000000000_CHE_1998 |7 0 |8 A |9 495967 |a BIBALI |b BIBALI |c RES |d 2020-01-10 |e 1 |g 229270.00 |i 5572606 |l 6 |m 2 |o 660.284245 CHE 1998 |p 5572606 |r 2025-05-07 |s 2025-04-29 |t 4 |v 229270.00 |w 2020-01-10 |y BK |k ALI | ||